Cops and Authors Quiz Stats

 Plays Quiz not verified by Sporcle

Score 0/76 Timer 06:00
0 Plays Today
The Author The Cop % Correct
Arthur Conan DOYLEG*** LESTRADE
87.8%
Colin DEXTEREndeavour MORSE
87.8%
Colin DEXTERRobert LEWIS
85.7%
Georges SIMENONJules MAIGRET
79.6%
Henning MANKELLKurt WALLANDER
77.6%
Agatha CHRISTIEJames JAPP
75.5%
Earl Derr BIGGERSCharlie CHAN
72.7%
R D WINGFIELDWilliam Edward 'Jack' FROST
71.4%
Arthur Conan DOYLETobias GREGSON
71.4%
Ian RANKINJohn REBUS
71.4%
W J BURLEYCharles WYCLIFFE
71.4%
Nicholas FREELINGPiet VAN DER VALK
69.4%
Jo NESBOHarry HOLE
67.3%
H R F KEATINGGanesh V GHOTE
65.3%
Colin DEXTERJim STRANGE
65.3%
Mark BILLINGHAMTom THORNE
63.3%
Elizabeth GEORGEThomas LYNLEY
61.2%
Elizabeth GEORGEBarbara HAVERS
59.2%
Peter MAYLI YAN
59.2%
Ann CLEEVESJimmy PEREZ
57.1%
Tess GERRITSENJane RIZZOLI
57.1%
E W HORNUNGInspector* MACKENZIE
56.1%
W J BURLEYLucy LANE
53.1%
Ruth RENDELLReginald WEXFORD
53.1%
Fyodor DOSTOEVSKYPorfiry PETROVITCH
51.2%
P D JAMESAdam DALGLIESH
51%
W J BURLEYDoug KERSEY
51%
Ann CLEEVESVera STANHOPE
51%
Wilkie COLLINSSergeant* CUFF
51%
Reginald HILLAndrew DALZIEL
49%
John CREASEY (as J J MARRIC)George GIDEON
49%
Michael DIBDINAurelio ZEN
49%
John BALLVirgil TIBBS
48.5%
Ngaio MARSHRoderick ALLEYNE
46.9%
Reginald HILLPeter PASCOE
46.9%
Torquil MACLEODAnita SUNDSTROM
46.9%
Patricia CORNWELLVirginia WEST
46.9%
Charles DICKENSInspector* BUCKET
46.9%
The Author The Cop % Correct
John BALLBill GILLESPIE
45.5%
Leslie THOMAS'Dangerous' DAVIES
44.9%
M C BEATONHamish MACBETH
44.9%
Kenneth ROYCEGeorge** BULMAN
42.9%
Peter ROBINSONAlan BANKS
40.8%
Peter JAMESRoy GRACE
40.8%
Helene TURSTENIrene HUSS
40.8%
Leslie CHARTERISClaud Eustace TEAL
40.8%
Nicholas FREELINGHenri CASTANG
40.8%
Ruth RENDELLMike BURDEN
36.7%
Tony HILLERMANJim CHEE
36.4%
Peter MAYFin MCLEOD
34.7%
Ed MCBAINSteve CARELLA
33.3%
Anne PERRYThomas PITT
32.7%
Caroline GRAHAMTom BARNABY
28.6%
Michael CONNELLYHieronymus 'Harry' BOSCH
28.6%
Tony HILLERMANJoe LEAPHORN
27.3%
Quentin BLAKEGunnhildur GISLADOTTIR
26.5%
Martha GRIMESRichard JURY
26.5%
Dorothy SIMPSONLuke THANET
26.5%
Dorothy L SAYERSCharles PARKER
24.5%
Patricia MOYESHenry TIBBETT
24.5%
Brian MCGILLOWAYBenedict DEVLIN
22.4%
Michael GILBERTPatrick PETRELLA
22.4%
Brian MCGILLOWAYLucy BLACK
18.4%
Arnaldur INDRIDASONErlendur SVEINSSON
13.6%
Josephine TEYAlan GRANT
10.2%
Michael INNESSir John APPLEBY
6.1%
Caroline & Charles TODDIan RUTLEDGE
4.1%
Catherine AIRDChristopher Dennis 'Seedy' SLOAN
4.1%
John SANDFORDLucas DAVENPORT
3%
Archer MAYORJoe GUNTHER
3%
Gwendoline BUTLERJohn COFFIN
2%
Catherine AIRDWilliam CROSBY
2%
Anne PERRYWilliam MONK
2%
Robert BARNARDCharlie PEACE
2%
John HARVEYCharlie REZNICK
2%
John LAWTONFrederick TROY
2%

You're not logged in!

Compare scores with friends on all Sporcle quizzes.
OR
Log In

Show Comments

Extras

Top Quizzes Today


Score Distribution

Your Account Isn't Verified!

In order to create a playlist on Sporcle, you need to verify the email address you used during registration. Go to your Sporcle Settings to finish the process.

Report this User

Report this user for behavior that violates our Community Guidelines.

Details: